[Event "11th EUR-ch"]
[Site "Rijeka CRO"]
[Date "2010.03.17"]
[Round "11"]
[White "Slavin, Alexei"]
[Black "Kadric, Denis"]
[Result "0-1"]
[WhiteElo "2368"]
[BlackElo "2171"]
[EventDate "2010.03.06"]
[PlyCount "140"]

1.d4 Nf6 2.Nf3 g6 3.c4 Bg7 4.Nc3 O-O 5.e4 d6 6.h3 e5 7.d5 a5 8.Bg5 Na6 9.
Be2 Qe8 10.g4 Nd7 11.Rg1 Ndc5 12.h4 Kh8 13.h5 f5 14.gxf5 gxf5 15.h6 Bf6 
16.exf5 Bxf5 17.Be3 Nb4 18.Kd2 Nc2 19.Rc1 Nd4 20.Nb5 Nxb5 21.cxb5 b6 22.b3
Qf7 23.Bc4 Ne4+ 24.Ke2 Rg8 25.Nd2 Rxg1 26.Qxg1 Rg8 27.Qh1 Bg4+ 28.Kd3 Nxd2
29.Kxd2 Bg5 30.Qh2 Bf3 31.Rg1 Bxe3+ 32.fxe3 Rxg1 33.Qxg1 Qg6 34.Qe1 Qxh6 
35.Qf2 e4 36.Kc2 Qg5 37.Bf1 h5 38.Kb2 Kh7 39.Ka3 Kh6 40.Qc2 Qxe3 41.Qxc7 
Qc5+ 42.Qxc5 dxc5 43.d6 Bg4 44.Bg2 e3 45.Bf3 Bf5 46.Kb2 h4 47.Kc3 Kg7 48.
Be4 Be6 49.Kd3 Kf6 50.Bc6 Bh3 51.Kxe3 Ke6 52.Kf4 Kxd6 53.Kg5 Bf1 54.Kxh4 
Bd3 55.Kg3 Ke5 56.Kf2 Kd4 57.Ke1 Kc3 58.Bd5 Bb1 59.a3 Bc2 60.Ke2 Bxb3 61.
Bc6 Ba4 62.Bd7 c4 63.Ke3 Kb2 64.Kd4 c3 65.Bf5 c2 66.Bxc2 Bxc2 67.Kd5 Kxa3 
68.Kc6 Kb4 69.Kxb6 Bd3 70.Kc7 Bxb5 0-1

[Event "11th EUR-ch"]
[Site "Rijeka CRO"]
[Date "2010.03.17"]
[Round "11"]
[White "Nakar, Eylon"]
[Black "Llaneza Vega, Marcos"]
[Result "1-0"]
[WhiteElo "2264"]
[BlackElo "2514"]
[EventDate "2010.03.06"]
[PlyCount "82"]

1.e4 c5 2.Nf3 Nf6 3.e5 Nd5 4.Nc3 e6 5.Nxd5 exd5 6.d4 Nc6 7.dxc5 Bxc5 8.Bd3
d6 9.exd6 O-O 10.O-O Qxd6 11.h3 d4 12.Ng5 h6 13.Ne4 Qe5 14.f4 Qd5 15.f5 f6
16.Qf3 Ne7 17.Nxc5 Qxc5 18.Bd2 Nc6 19.Qg3 Kh8 20.Bf4 Qd5 21.Qh4 Kh7 22.Rf3
Bxf5 23.Bxf5+ Qxf5 24.Bxh6 Qxc2 25.Rc1 Qa4 26.Bxg7+ Kxg7 27.Qh5 Rg8 28.
Rg3+ Kf8 29.Qh6+ Ke7 30.Qh7+ Kd6 31.Rxg8 Rxg8 32.Qxg8 d3 33.Qg3+ Ne5 34.
Qf2 Kd5 35.Qc5+ Ke4 36.Re1+ Kf5 37.Rf1+ Ke4 38.Re1+ Kf5 39.Qf2+ Ke6 40.Rf1
Qxa2 41.Qxf6+ Kd5 1-0

[Event "11th EUR-ch"]
[Site "Rijeka CRO"]
[Date "2010.03.17"]
[Round "11"]
[White "Potapov, Alexander"]
[Black "Tassopoulos, Marios"]
[Result "1/2-1/2"]
[WhiteElo "2446"]
[BlackElo "2245"]
[EventDate "2010.03.06"]
[PlyCount "77"]

1.d4 d5 2.c4 e6 3.Nc3 Nf6 4.Bg5 Be7 5.e3 O-O 6.Nf3 h6 7.Bh4 b6 8.Be2 Bb7 
9.Bxf6 Bxf6 10.cxd5 exd5 11.b4 c6 12.O-O a5 13.bxa5 Rxa5 14.Qb3 Bc8 15.
Rfb1 Bf5 16.Rb2 Nd7 17.a4 Qa8 18.Rc1 Rc8 19.Ne1 Be7 20.Bf3 Bd6 21.Ra2 g6 
22.h3 Kg7 23.g4 Be6 24.Nd3 c5 25.Nb5 c4 26.Qc2 Rxb5 27.axb5 cxd3 28.Qxc8 
Qxa2 29.Qc3 Qc4 30.Qb2 Qb4 31.Rb1 Qxb2 32.Rxb2 Nf6 33.Rd2 Bd7 34.Rxd3 Ne4 
35.Bg2 f5 36.f3 Nf6 37.Rd1 Bb4 38.Kf2 Kf7 39.Bf1 1/2-1/2

[Event "11th EUR-ch"]
[Site "Rijeka CRO"]
[Date "2010.03.17"]
[Round "11"]
[White "Zueger, Beat"]
[Black "Bente, Bjorn"]
[Result "1/2-1/2"]
[WhiteElo "2425"]
[BlackElo "2245"]
[EventDate "2010.03.06"]
[PlyCount "106"]

1.c4 c5 2.Nf3 Nc6 3.d4 cxd4 4.Nxd4 Qb6 5.e3 Nf6 6.Be2 d5 7.cxd5 Nxd4 8.
exd4 Nxd5 9.Nc3 Nxc3 10.bxc3 e6 11.O-O Bd6 12.Ba3 Bxa3 13.Qa4+ Bd7 14.Qxa3
Bc6 15.Rab1 Qc7 16.Bb5 Rd8 17.Qxa7 O-O 18.Bxc6 Qxc6 19.Rfc1 Rb8 20.h3 g6 
21.Rb2 Rfc8 22.Qa3 Qd5 23.Rb3 Ra8 24.Qb2 Rc7 25.Re1 Qa5 26.a3 Rd8 27.Re5 
Qa8 28.Reb5 Rdd7 29.Qe2 Qc8 30.Qf3 Rc6 31.Re5 Rdc7 32.Re3 Qd7 33.Re5 Qc8 
34.Re3 Qd7 35.h4 h5 36.Re5 Qc8 37.Re3 Kg7 38.d5 exd5 39.Qxd5 Kh7 40.Rb4 
Rc5 41.Qf3 Kg7 42.Rf4 Qa8 43.Qd1 Kh7 44.Qd4 R5c6 45.Qd5 Qf8 46.Ref3 f5 47.
Rb4 Qf6 48.g3 Rc5 49.Qb3 Qc6 50.Rd3 Re7 51.Qb1 Rce5 52.Rd1 Qxc3 53.Rxb7 
Qxa3 1/2-1/2

[Event "11th EUR-ch"]
[Site "Rijeka CRO"]
[Date "2010.03.17"]
[Round "11"]
[White "Gebigke, Martin"]
[Black "Pancevski, Filip"]
[Result "0-1"]
[WhiteElo "2232"]
[BlackElo "2423"]
[EventDate "2010.03.06"]
[PlyCount "72"]

1.d4 Nf6 2.c4 d6 3.Nc3 g6 4.e4 Bg7 5.Nf3 O-O 6.Be2 e5 7.O-O Nc6 8.d5 Ne7 
9.Bd2 Ne8 10.b4 c6 11.Qb3 Kh8 12.Rfd1 cxd5 13.cxd5 h6 14.Be1 f5 15.Nd2 
fxe4 16.Ncxe4 Nf5 17.Nf3 g5 18.h3 Nf6 19.Nxf6 Qxf6 20.Bd3 h5 21.Qc4 Nd4 
22.Nxd4 exd4 23.Be4 Bf5 24.Bxf5 Qxf5 25.Qe2 g4 26.hxg4 hxg4 27.Rd3 Rae8 
28.Qd2 Qh5 29.Rd1 Rf6 30.f4 gxf3 31.Rxf3 Rxf3 32.gxf3 Qxf3 33.Qh2+ Kg8 34.
Rb1 Re4 35.Bg3 Rg4 36.Rb3 d3 0-1

[Event "11th EUR-ch"]
[Site "Rijeka CRO"]
[Date "2010.03.17"]
[Round "11"]
[White "Jakovljevic, Vlado"]
[Black "Bakin, Alexander"]
[Result "1/2-1/2"]
[WhiteElo "2412"]
[BlackElo "2232"]
[EventDate "2010.03.06"]
[PlyCount "21"]

1.e4 c6 2.d4 d5 3.exd5 cxd5 4.Nf3 Bg4 5.Be2 Nc6 6.O-O e6 7.c3 Nf6 8.h3 
Bxf3 9.Bxf3 Be7 10.Re1 O-O 11.Bf4 1/2-1/2

[Event "11th EUR-ch"]
[Site "Rijeka CRO"]
[Date "2010.03.17"]
[Round "11"]
[White "Civric, Zdravko"]
[Black "Kanarek, Marcel"]
[Result "0-1"]
[WhiteElo "2207"]
[BlackElo "2388"]
[EventDate "2010.03.06"]
[PlyCount "62"]

1.e4 c5 2.Nf3 Nc6 3.Nc3 d6 4.Bc4 g6 5.O-O Bg7 6.d3 Nf6 7.Ng5 O-O 8.f4 Nd4 
9.Ne2 Bg4 10.Nf3 Nxf3+ 11.gxf3 Bh3 12.Re1 d5 13.exd5 Nxd5 14.Ng3 e6 15.c3 
Qh4 16.Qe2 Nxf4 17.Bxf4 Qxf4 18.Qf2 b6 19.Re4 Qf6 20.Kh1 e5 21.Rae1 Qc6 
22.a4 Bc8 23.Rxe5 Bxe5 24.Rxe5 Bb7 25.Kg2 Qf6 26.d4 cxd4 27.cxd4 Rad8 28.
Qe3 Rxd4 29.Qxd4 Qxf3+ 30.Kh3 Bc8+ 31.Kh4 Qf6+ 0-1

[Event "11th EUR-ch"]
[Site "Rijeka CRO"]
[Date "2010.03.17"]
[Round "11"]
[White "Pantaleoni, Claudio"]
[Black "Platzgummer, Fabian"]
[Result "1/2-1/2"]
[WhiteElo "2179"]
[BlackElo "2383"]
[EventDate "2010.03.06"]
[PlyCount "79"]

1.c4 Nf6 2.Nc3 c5 3.g3 e6 4.Nf3 b6 5.Bg2 Bb7 6.O-O Be7 7.d4 cxd4 8.Qxd4 d6
9.Bg5 a6 10.Rfd1 Nbd7 11.Nd2 Bxg2 12.Kxg2 Rc8 13.Nde4 Rc6 14.Rac1 O-O 15.
f3 h6 16.Be3 Ne8 17.b3 f5 18.Nf2 Bf6 19.Qd2 Qc8 20.Bd4 Bg5 21.f4 Be7 22.e4
Qb7 23.Kg1 b5 24.exf5 Rxf5 25.cxb5 axb5 26.Nd3 Nc7 27.Nb4 e5 28.Nxc6 Qxc6 
29.fxe5 Bg5 30.Be3 Nxe5 31.Rf1 Nf3+ 32.Rxf3 Qxf3 33.Bxg5 hxg5 34.Qe2 Qc6 
35.Qe3 Re5 36.Qf2 Rc5 37.Rf1 Rxc3 38.Qf7+ Kh8 39.Qh5+ Kg8 40.Qf7+ 1/2-1/2

[Event "11th EUR-ch"]
[Site "Rijeka CRO"]
[Date "2010.03.17"]
[Round "11"]
[White "Pavlidis, Antonios"]
[Black "Kostanjsek, Zorko"]
[Result "1/2-1/2"]
[WhiteElo "2376"]
[BlackElo "2204"]
[EventDate "2010.03.06"]
[PlyCount "142"]

1.e4 e5 2.Nf3 Nc6 3.Bb5 Nf6 4.O-O Nxe4 5.Re1 Nd6 6.Nxe5 Nxe5 7.Rxe5+ Be7 
8.Bf1 O-O 9.d4 b6 10.Nc3 Bb7 11.Bf4 f5 12.Nd5 Bxd5 13.Rxd5 Ne8 14.Qd3 g5 
15.Bd2 Ng7 16.Re1 d6 17.Qb3 Kh8 18.Bb5 Bf6 19.Bc6 Rb8 20.Qd3 a5 21.Rb5 Qc8
22.Qc4 h6 23.Rb3 Kh7 24.Rh3 Kg6 25.Qd5 h5 26.f4 g4 27.Rhe3 Bh4 28.R1e2 Bf6
29.c4 Kh6 30.Bc3 Kg6 31.Qb5 Qd8 32.Bd7 c5 33.d5 Bd4 34.Bxd4 cxd4 35.Rd3 
Qf6 36.Bc6 h4 37.Qb3 Rf7 38.Qd1 Re7 39.Qe1 Rxe2 40.Qxe2 Nh5 41.Qd2 Qe7 42.
Rxd4 g3 43.Ba4 Rc8 44.hxg3 hxg3 45.Kf1 Qh4 46.Qe3 Qh1+ 47.Qg1 Qh4 48.Qe3 
Qh1+ 49.Qg1 Qh2 50.b3 Rc7 51.Be8+ Kh6 52.Bxh5 Re7 53.Rd1 Qxh5 54.Re1 Rxe1+
55.Kxe1 Qe8+ 56.Kf1 Qe4 57.Qxb6 Qxf4+ 58.Ke2 Qg4+ 59.Kd2 Qg5+ 60.Qe3 f4 
61.Qe6+ Kg7 62.Qd7+ Kg8 63.Qe8+ Kg7 64.Qd7+ Kg8 65.Qe8+ Kg7 66.Ke2 Qg4+ 
67.Ke1 f3 68.Qe7+ Kg8 69.Qe8+ Kg7 70.Qe7+ Kg8 71.Qe8+ Kg7 1/2-1/2

[Event "11th EUR-ch"]
[Site "Rijeka CRO"]
[Date "2010.03.17"]
[Round "11"]
[White "Kinez, Ivo"]
[Black "Mazi, Leon"]
[Result "0-1"]
[WhiteElo "2138"]
[BlackElo "2375"]
[EventDate "2010.03.06"]
[PlyCount "110"]

1.e4 e5 2.Nf3 Nc6 3.Bb5 a6 4.Ba4 Nf6 5.O-O Be7 6.Re1 b5 7.Bb3 d6 8.c3 O-O 
9.h3 Nb8 10.d4 Nbd7 11.Nbd2 Bb7 12.Bc2 Re8 13.Nf1 Bf8 14.Ng3 g6 15.Bg5 h6 
16.Bd2 c5 17.d5 c4 18.Qc1 h5 19.Bh6 Bxh6 20.Qxh6 Nh7 21.Kh1 Qf6 22.Qe3 Nc5
23.Ne2 Kg7 24.b4 cxb3 25.axb3 Rec8 26.Ra2 Qd8 27.b4 Nd7 28.Rea1 Qb6 29.
Qxb6 Nxb6 30.Nd2 Rc7 31.f3 h4 32.Nb3 Rf8 33.Na5 Bc8 34.Kg1 f5 35.Bd3 Nf6 
36.Nc6 fxe4 37.fxe4 Nfd7 38.Rf1 Re8 39.Rf3 Bb7 40.Na5 Ba8 41.Ra1 Nf6 42.
Rf2 Nh5 43.Nb3 Na4 44.Kh2 Rec8 45.Nd2 Kh6 46.Nf1 Bb7 47.Ne3 Nxc3 48.Nxc3 
Rxc3 49.Rf7 R8c7 50.Ng4+ Kg5 51.Raf1 Nf4 52.Rf6 Bc8 53.Rxd6 Bxg4 54.hxg4 
Rxd3 55.Rxa6 Rc2 0-1

[Event "11th EUR-ch"]
[Site "Rijeka CRO"]
[Date "2010.03.17"]
[Round "11"]
[White "Jacobsen, Bo"]
[Black "Mihalinec, Damir"]
[Result "1-0"]
[WhiteElo "2375"]
[BlackElo "2232"]
[EventDate "2010.03.06"]
[PlyCount "212"]

1.c4 e5 2.g3 Nf6 3.Bg2 d5 4.cxd5 Nxd5 5.Nc3 Nb6 6.Nf3 Nc6 7.a3 Be7 8.b4 
Be6 9.Na4 e4 10.Ng1 Nd4 11.Rb1 f5 12.Nc5 Ba2 13.Rb2 Bd5 14.Nh3 a5 15.O-O 
axb4 16.axb4 Ra1 17.d3 Bxc5 18.dxe4 Bb3 19.Qd3 Bc4 20.Qc3 Be7 21.Nf4 Nb5 
22.Qe5 O-O 23.Rd2 Bf6 24.Qxf5 Qe7 25.Qc5 Qxc5 26.bxc5 Na4 27.e5 Bxe5 28.
Bxb7 Nxc5 29.Bd5+ Bxd5 30.Rxd5 Bd6 31.Be3 Rxf1+ 32.Kxf1 Nc3 33.Bxc5 Nxd5 
34.Bxd6 cxd6 35.Nxd5 Kf7 36.h4 Ke6 37.Nf4+ Ke5 38.e3 g6 39.Kg2 d5 40.Nd3+ 
Kf5 41.Nf4 Rd8 42.Ne2 Ke4 43.Nd4 Rd6 44.Ne2 Kd3 45.Nd4 Rb6 46.Nf3 Rb4 47.
Ng5 Rb7 48.Ne6 Re7 49.Nf4+ Ke4 50.Ne2 h6 51.Nc3+ Ke5 52.Ne2 g5 53.hxg5 
hxg5 54.Nd4 Rc7 55.g4 Rc4 56.Nf3+ Kf6 57.Kg3 Rc1 58.Nd4 Rg1+ 59.Kf3 Ke5 
60.Nc6+ Ke6 61.Nd4+ Kf6 62.Ne2 Rd1 63.Nd4 Ke5 64.Nc6+ Ke6 65.Nd4+ Kf6 66.
Kg3 Rc1 67.Kg2 Rc4 68.Kg3 Ra4 69.Kf3 Ra8 70.Kg3 Rc8 71.Kf3 Rc1 72.Kg2 Rc4 
73.Kg3 Ra4 74.Nf3 Re4 75.Nd2 Re8 76.Nf3 Rg8 77.Nd4 Ke5 78.Kf3 Rc8 79.Ne2 
Rc4 80.Kg3 Ke4 81.Nd4 Rc8 82.Nf3 Rg8 83.Nd4 Rf8 84.Ne6 Rg8 85.Nc5+ Ke5 86.
Nb3 Rg6 87.Kf3 Rf6+ 88.Kg3 Rc6 89.Nd2 Rg6 90.Nb3 Kd6 91.Nd4 Kc5 92.Nf3 Rg8
93.Nd4 Kc4 94.Ne6 Rg6 95.Nd4 Kd3 96.Nf3 Ke2 97.Nd4+ Kf1 98.f4 gxf4+ 99.
exf4 Ke1 100.f5 Rg8 101.Kf4 Kd2 102.g5 Kc3 103.Nf3 Re8 104.g6 Re4+ 105.Kg3
d4 106.g7 Re8 1-0

[Event "11th EUR-ch"]
[Site "Rijeka CRO"]
[Date "2010.03.17"]
[Round "11"]
[White "Wintzer, Joachim"]
[Black "Elkin, Leonid"]
[Result "1/2-1/2"]
[WhiteElo "2361"]
[BlackElo "2189"]
[EventDate "2010.03.06"]
[PlyCount "111"]

1.c4 g6 2.g3 Bg7 3.Bg2 Nf6 4.Nc3 O-O 5.d3 d6 6.e4 c5 7.Nge2 Nc6 8.O-O Rb8 
9.Rb1 a6 10.a3 b5 11.cxb5 axb5 12.b4 Ba6 13.h3 Nd4 14.Nxd4 cxd4 15.Ne2 Nd7
16.f4 Nb6 17.Bd2 Qd7 18.Rc1 Rfc8 19.Qb3 Rxc1 20.Rxc1 Rc8 21.Kf2 Rxc1 22.
Bxc1 Qc7 23.Bd2 Bc8 24.Qb2 Na4 25.Qc1 Qxc1 26.Bxc1 e5 27.g4 Bf6 28.Ng1 
Bh4+ 29.Kf1 Be6 30.Bd2 Bb3 31.Ne2 Bc2 32.Nc1 Nb2 33.Ke2 Bd1+ 34.Kf1 Bc2 
35.Ke2 Bd1+ 36.Kf1 h5 37.gxh5 Bxh5 38.f5 Kg7 39.Kg1 Kf6 40.fxg6 fxg6 41.
Bf1 Bg5 42.Bxg5+ Kxg5 43.Kf2 Kh4 44.Kg2 Nd1 45.a4 Ne3+ 46.Kg1 Nc2 47.axb5 
Nxb4 48.Kh2 g5 49.b6 Be8 50.b7 Na6 51.Nb3 Nb8 52.Na5 Bb5 53.Kg2 g4 54.hxg4
Kxg4 55.Kf2 Kf4 56.Ke2 1/2-1/2

[Event "11th EUR-ch"]
[Site "Rijeka CRO"]
[Date "2010.03.17"]
[Round "11"]
[White "Pankov, German"]
[Black "Sikanjic, Bojan"]
[Result "1/2-1/2"]
[WhiteElo "2353"]
[BlackElo "2170"]
[EventDate "2010.03.06"]
[PlyCount "95"]

1.d4 c5 2.d5 Nf6 3.Nc3 g6 4.e4 d6 5.h3 Bg7 6.Nf3 O-O 7.Be2 e5 8.Nd2 Ne8 9.
O-O Nd7 10.Nc4 Nb6 11.Ne3 Bh6 12.a4 f5 13.a5 Nd7 14.a6 Bxe3 15.Bxe3 f4 16.
axb7 Bxb7 17.Bd2 a6 18.Ra3 Nc7 19.f3 h5 20.Qe1 g5 21.Qf2 Rf7 22.Rb1 Ra7 
23.Kf1 Nf6 24.b4 Nd7 25.bxc5 Nxc5 26.Na4 Nb5 27.Nxc5 Nxa3 28.Nxb7 Qb8 29.
Rb3 Raxb7 30.Rxa3 Rb1+ 31.Be1 a5 32.Bd3 a4 33.Ra2 a3 34.Bc4 Qb4 35.Bb3 Qc3
36.Qe2 Kg7 37.h4 gxh4 38.Qf2 Kg6 39.Qxh4 Ra7 40.Qf2 Ra8 41.Ke2 Qc7 42.g3 
Qb7 43.Bc4 Ra4 44.Bd3 Rb2 45.Ra1 Rb1 46.Ra2 Rb2 47.Ra1 Rb1 48.Ra2 1/2-1/2

[Event "11th EUR-ch"]
[Site "Rijeka CRO"]
[Date "2010.03.17"]
[Round "11"]
[White "Grimberg, Boris"]
[Black "Ernst, Michael"]
[Result "1/2-1/2"]
[WhiteElo "2352"]
[BlackElo "2166"]
[EventDate "2010.03.06"]
[PlyCount "43"]

1.e4 e6 2.d4 d5 3.Nd2 Nf6 4.e5 Nfd7 5.Bd3 c5 6.c3 Nc6 7.Ngf3 cxd4 8.cxd4 
f6 9.O-O fxe5 10.dxe5 g6 11.Bb5 Bg7 12.Qa4 Ndxe5 13.Nxe5 Bxe5 14.Re1 Bg7 
15.Bxc6+ bxc6 16.Qxc6+ Bd7 17.Qxd5 O-O 18.Qd6 Rc8 19.Ne4 Rc6 20.Qa3 Rc2 
21.Rb1 Bc6 22.Qb4 1/2-1/2

[Event "11th EUR-ch"]
[Site "Rijeka CRO"]
[Date "2010.03.17"]
[Round "11"]
[White "Schweitzer, Werner"]
[Black "Schiendorfer, Emanuel"]
[Result "0-1"]
[WhiteElo "2069"]
[BlackElo "2340"]
[EventDate "2010.03.06"]
[PlyCount "76"]

1.e4 d6 2.Nc3 Nf6 3.Nf3 e5 4.d4 Nbd7 5.Bd3 Be7 6.O-O O-O 7.Ne2 Re8 8.c3 c5
9.Ng3 g6 10.h4 exd4 11.cxd4 cxd4 12.Bb5 a6 13.Bxd7 Nxd7 14.Qxd4 Ne5 15.h5 
Nxf3+ 16.gxf3 Bf6 17.Qd3 Be6 18.Bh6 b5 19.Qd2 Rc8 20.a4 Rc4 21.axb5 axb5 
22.Rfc1 d5 23.Rd1 d4 24.Ra6 d3 25.Qe3 Bxb2 26.Rxd3 Rd4 27.Rxd4 Bxd4 28.Qa3
Qb8 29.Kg2 b4 30.Qd3 Be5 31.Ra5 Rd8 32.Qe3 b3 33.Rxe5 Qxe5 34.Qb6 Qd4 35.
Qb7 b2 36.Ne2 Qf6 37.f4 Ba2 38.e5 Bd5+ 0-1

[Event "11th EUR-ch"]
[Site "Rijeka CRO"]
[Date "2010.03.17"]
[Round "11"]
[White "Ramesa, Davor"]
[Black "Demel, Paul"]
[Result "1-0"]
[WhiteElo "2339"]
[BlackElo "2155"]
[EventDate "2010.03.06"]
[PlyCount "67"]

1.d4 Nf6 2.g3 d5 3.Bg2 c6 4.c4 Bf5 5.Nf3 e6 6.O-O Nbd7 7.Nc3 dxc4 8.Nh4 
Bg4 9.h3 Bh5 10.g4 Nxg4 11.hxg4 Qxh4 12.gxh5 O-O-O 13.Qa4 Kb8 14.Ne4 Nb6 
15.Qa5 f6 16.Qc3 Qxh5 17.Bf4+ Ka8 18.Bh2 Be7 19.b3 f5 20.Nc5 Bxc5 21.dxc5 
Nd5 22.Qxc4 Rhf8 23.e4 fxe4 24.Qxe4 Nc3 25.Qe5 Ne2+ 26.Kh1 Rf5 27.Qc7 Rdf8
28.Rad1 Qh4 29.Bxc6 Ng3+ 30.fxg3 Rxf1+ 31.Rxf1 Rxf1+ 32.Kg2 Rf2+ 33.Kxf2 
Qxh2+ 34.Bg2 1-0

[Event "11th EUR-ch"]
[Site "Rijeka CRO"]
[Date "2010.03.17"]
[Round "11"]
[White "Lorscheid, Gerhard"]
[Black "Zrilic, Bozo"]
[Result "1-0"]
[WhiteElo "2328"]
[BlackElo "1964"]
[EventDate "2010.03.06"]
[PlyCount "83"]

1.d4 e6 2.c4 c5 3.d5 exd5 4.cxd5 d6 5.Nc3 g6 6.e4 Bg7 7.Bd3 Nf6 8.h3 O-O 
9.Nf3 a6 10.a4 Re8 11.O-O Qc7 12.Re1 Nbd7 13.Bf1 Ne5 14.Nh2 c4 15.f4 Nd3 
16.Bxd3 cxd3 17.Qxd3 Nd7 18.Be3 Nc5 19.Qc4 Bd7 20.e5 Rac8 21.Nf3 Qb8 22.a5
Na4 23.Qb4 Nxc3 24.bxc3 dxe5 25.fxe5 Bb5 26.Bd4 Rc4 27.Qb2 Qc8 28.Qf2 h6 
29.Re3 Qd7 30.d6 Qe6 31.Nd2 Ra4 32.Rxa4 Bxa4 33.Ne4 Bc6 34.Nc5 Qd5 35.Re2 
Bf8 36.e6 f5 37.e7 Bg7 38.Bxg7 Kxg7 39.Qd4+ Kf7 40.Qxd5+ Bxd5 41.d7 Rxe7 
42.d8=Q 1-0

[Event "11th EUR-ch"]
[Site "Rijeka CRO"]
[Date "2010.03.17"]
[Round "11"]
[White "Guidi, Maurizio"]
[Black "Chudinovskikh, Alexander"]
[Result "1-0"]
[WhiteElo "2050"]
[BlackElo "2314"]
[EventDate "2010.03.06"]
[PlyCount "83"]

1.e4 e5 2.Nf3 Nc6 3.Bc4 Nf6 4.d3 Be7 5.O-O O-O 6.Re1 d6 7.h3 Na5 8.Bb3 c6 
9.c3 Nxb3 10.Qxb3 Qc7 11.d4 Be6 12.Qc2 h6 13.Nbd2 Rfe8 14.Nf1 Bf8 15.Ng3 
g6 16.b3 Bg7 17.Bb2 Rad8 18.c4 Bc8 19.Rad1 Nd7 20.dxe5 dxe5 21.Nf1 Nc5 22.
b4 Ne6 23.c5 Nd4 24.Nxd4 exd4 25.Nd2 Qf4 26.Nc4 Re7 27.Qd2 Qh4 28.f4 Be6 
29.Nd6 Bxa2 30.Qf2 Qxf2+ 31.Kxf2 Bb3 32.Rd2 b6 33.Bxd4 bxc5 34.Bxg7 Kxg7 
35.bxc5 Rb8 36.Ra1 Be6 37.Ra6 Rc7 38.g4 Kf8 39.f5 gxf5 40.gxf5 Bc8 41.Ra3 
Re7 42.Rg3 1-0

[Event "11th EUR-ch"]
[Site "Rijeka CRO"]
[Date "2010.03.17"]
[Round "11"]
[White "Levine, Yonatan"]
[Black "Medancic, Rikard"]
[Result "1/2-1/2"]
[WhiteElo "2096"]
[BlackElo "2311"]
[EventDate "2010.03.06"]
[PlyCount "63"]

1.e4 e5 2.Nc3 Nf6 3.g3 d5 4.exd5 Nxd5 5.Bg2 Nxc3 6.bxc3 Bd6 7.Nf3 O-O 8.
O-O Nc6 9.Re1 Bg4 10.d4 Re8 11.Qd3 exd4 12.Rxe8+ Qxe8 13.cxd4 Nb4 14.Qb3 
Bf5 15.Bd2 Nxc2 16.Rc1 Qe2 17.Rxc2 Qd1+ 18.Ne1 Re8 19.Rb2 Rxe1+ 20.Bxe1 
Qxe1+ 21.Bf1 g6 22.Re2 Qa1 23.Qb2 Qd1 24.Qd2 Qa4 25.Qe3 Be6 26.Bg2 Kg7 27.
h4 h5 28.Rb2 b6 29.Qd2 a5 30.Rc2 Bf5 31.Rc1 Qa3 32.Bd5 1/2-1/2

[Event "11th EUR-ch"]
[Site "Rijeka CRO"]
[Date "2010.03.17"]
[Round "11"]
[White "Durandeau, Jean-Marie"]
[Black "Nedochetov, Mikhail"]
[Result "1-0"]
[WhiteElo "2040"]
[BlackElo "2299"]
[EventDate "2010.03.06"]
[PlyCount "69"]

1.e4 c6 2.d4 d5 3.e5 Bf5 4.Be3 e6 5.Nd2 f6 6.f4 Nd7 7.Ngf3 Qb6 8.Nb3 Nh6 
9.h3 Be4 10.Be2 O-O-O 11.Bd2 Nf5 12.Kf2 Qc7 13.c4 Bxf3 14.gxf3 fxe5 15.
fxe5 Be7 16.cxd5 Bh4+ 17.Kg2 exd5 18.Qb1 Rhf8 19.Qd3 Nb6 20.f4 Nc4 21.Bg4 
g6 22.Bb4 Rg8 23.Nc5 Rde8 24.b3 Nb6 25.Kh2 Nd7 26.Rhg1 Nxc5 27.Bxc5 Qf7 
28.Bxa7 Kc7 29.Bxf5 gxf5 30.Bc5 Qh5 31.Rxg8 Rxg8 32.Rg1 Rxg1 33.Kxg1 Qh6 
34.Qxf5 Bg3 35.Qf7+ 1-0

[Event "11th EUR-ch"]
[Site "Rijeka CRO"]
[Date "2010.03.17"]
[Round "11"]
[White "Partys, Petr"]
[Black "Feher, Adam"]
[Result "1/2-1/2"]
[WhiteElo "1977"]
[BlackElo "2260"]
[EventDate "2010.03.06"]
[PlyCount "65"]

1.d4 d5 2.c4 e6 3.Nc3 c6 4.cxd5 exd5 5.Nf3 Nf6 6.Bg5 h6 7.Bxf6 Qxf6 8.e3 
g6 9.Be2 Bg7 10.O-O O-O 11.b4 Qd8 12.a4 Re8 13.Qb3 Be6 14.Rfc1 Nd7 15.Qd1 
a6 16.a5 g5 17.Na4 Rc8 18.Nc5 Nxc5 19.Rxc5 Rc7 20.Rb1 Bc8 21.Bd3 f5 22.Qd2
Rf7 23.Ne1 Qf6 24.Nf3 Qe7 25.g3 Qc7 26.Re1 Bf6 27.Kh1 Rfe7 28.Bc2 Kh8 29.
h4 g4 30.Ng1 Qd8 31.Ne2 Rg7 32.Kg2 Rge7 33.Rh1 1/2-1/2

[Event "11th EUR-ch"]
[Site "Rijeka CRO"]
[Date "2010.03.17"]
[Round "11"]
[White "Voiteanu, Gabriel"]
[Black "Monjac, Mislav"]
[Result "1-0"]
[WhiteElo "2254"]
[BlackElo "1876"]
[EventDate "2010.03.06"]
[PlyCount "73"]

1.d4 Nf6 2.c4 e6 3.Nf3 c5 4.g3 cxd4 5.Nxd4 d5 6.Bg2 e5 7.Nf3 d4 8.O-O Nc6 
9.e3 Bc5 10.exd4 exd4 11.Re1+ Be6 12.Bf4 O-O 13.Nbd2 d3 14.Nb3 Bb4 15.Nfd2
Bxd2 16.Qxd2 Bxc4 17.Rac1 Bxb3 18.axb3 Qb6 19.Qxd3 Rad8 20.Qe3 Qxe3 21.
Bxe3 Nb4 22.Red1 Nd3 23.Ra1 Nxb2 24.Rxd8 Rxd8 25.Bxb7 h6 26.Rxa7 Rd3 27.
Ra8+ Kh7 28.Rb8 g6 29.Bc6 Nd1 30.Bc5 Rc3 31.b4 Rc2 32.Rb7 Kg7 33.Bf3 Rc1 
34.Kg2 g5 35.Bd4 Nc3 36.Rb6 g4 37.Bxf6+ 1-0

[Event "11th EUR-ch"]
[Site "Rijeka CRO"]
[Date "2010.03.17"]
[Round "11"]
[White "Plenca, Julijan"]
[Black "Astengo, Corrado"]
[Result "0-1"]
[WhiteElo "2323"]
[BlackElo "2136"]
[EventDate "2010.03.06"]
[PlyCount "74"]

1.e4 c5 2.Nf3 e6 3.d4 cxd4 4.Nxd4 Nc6 5.Nc3 Qc7 6.g3 a6 7.Bg2 Nf6 8.O-O 
Nxd4 9.Qxd4 Bc5 10.Qd3 d6 11.h3 Bd7 12.a3 Rc8 13.Rd1 h6 14.Be3 O-O 15.Bxc5
dxc5 16.Qe3 e5 17.Rd2 b6 18.Rad1 Rfd8 19.Bf1 a5 20.Qd3 Bc6 21.Qc4 Rd4 22.
Rxd4 cxd4 23.Nb5 Bxb5 24.Qxb5 Qxc2 25.Re1 Nxe4 26.Re2 d3 27.Rxe4 d2 28.Re2
d1=Q 29.Rxc2 Qxc2 30.Qxb6 Qc5 31.Qb7 Rd8 32.b4 axb4 33.axb4 Qc1 34.b5 Rd1 
35.Qa8+ Kh7 36.Qe4+ g6 37.Qe2 Re1 0-1

[Event "11th EUR-ch"]
[Site "Rijeka CRO"]
[Date "2010.03.17"]
[Round "11"]
[White "Reinwald, Patrick"]
[Black "Papadakis, Michalis"]
[Result "0-1"]
[WhiteElo "2091"]
[BlackElo "2244"]
[EventDate "2010.03.06"]
[PlyCount "88"]

1.e4 c5 2.d4 cxd4 3.c3 dxc3 4.Nxc3 a6 5.Bc4 e6 6.Nf3 b5 7.Bb3 Bb7 8.Qe2 d6
9.O-O Nd7 10.Rd1 Ngf6 11.a3 Be7 12.Bf4 Qb8 13.Rd2 O-O 14.Rad1 Ne5 15.Bg3 
Nh5 16.Bxe5 dxe5 17.Rd7 Nf4 18.Qe3 Bf6 19.g3 Ng6 20.h4 Rd8 21.Rxd8+ Bxd8 
22.h5 Nf8 23.h6 g6 24.Qc5 Bf6 25.g4 Qc8 26.Qd6 Qd8 27.Qc5 Qe7 28.Qe3 g5 
29.Ne2 Ng6 30.Ng3 Nf4 31.Qb6 Rc8 32.a4 b4 33.a5 Rc6 34.Qa7 Qc7 35.Kh2 Qc8 
36.Ba4 Rc7 37.Qb6 Be7 38.Qe3 f6 39.Qd2 Kf7 40.Ne1 Qf8 41.Nf5 exf5 42.Bb3+ 
Kg6 43.gxf5+ Kxh6 44.f3 Qe8 0-1

[Event "11th EUR-ch"]
[Site "Rijeka CRO"]
[Date "2010.03.17"]
[Round "11"]
[White "Spichkin, Alexander"]
[Black "Hetzer, Volkhard"]
[Result "1-0"]
[WhiteElo "2241"]
[BlackElo "2086"]
[EventDate "2010.03.06"]
[PlyCount "119"]

1.g4 e5 2.Bg2 h5 3.d4 exd4 4.g5 Ne7 5.Qxd4 d6 6.Nc3 Nbc6 7.Qf4 Be6 8.Nf3 
Qd7 9.Nd4 Nxd4 10.Qxd4 c6 11.e4 Ng6 12.h4 c5 13.Qe3 Ne5 14.f4 Nc6 15.b3 
Nd4 16.Qf2 g6 17.Bb2 Bg7 18.O-O-O O-O-O 19.Kb1 Rhg8 20.e5 dxe5 21.Ne4 Bf5 
22.Nxc5 Qb5 23.Bxd4 exd4 24.Qf3 Bg4 25.Qxb7+ Qxb7 26.Nxb7 Bxd1 27.Nxd8 
Bxc2+ 28.Kxc2 Rxd8 29.Kd3 Re8 30.Rc1+ Kb8 31.Be4 Re7 32.Rc5 Rc7 33.Rxc7 
Kxc7 34.Bd5 f6 35.Bf7 fxg5 36.fxg5 Be5 37.Bxg6 Bg3 38.Bxh5 Bxh4 39.g6 Bf6 
40.Ke4 Kd7 41.b4 Bg7 42.Be2 Ke6 43.Bd3 Bf8 44.a3 Bg7 45.Bc2 Kd6 46.Bb3 Bf6
47.Bc4 Bg7 48.a4 Bf6 49.Bb3 Bg7 50.Kd3 Ke5 51.Kc4 Kd6 52.Bc2 Bf6 53.Be4 
Bg7 54.b5 Bh8 55.a5 Kc7 56.Kd5 Kd7 57.Bf5+ Kc7 58.Ke6 Kb7 59.Kf7 a6 60.
Be4+ 1-0

[Event "11th EUR-ch"]
[Site "Rijeka CRO"]
[Date "2010.03.17"]
[Round "11"]
[White "Sheskin, Matan"]
[Black "Porfireanu, Serban"]
[Result "1-0"]
[WhiteElo "2207"]
[BlackElo "2034"]
[EventDate "2010.03.06"]
[PlyCount "65"]

1.e4 c6 2.d4 d5 3.f3 e6 4.Nc3 Bb4 5.Bd2 dxe4 6.Nxe4 Bxd2+ 7.Qxd2 h6 8.
O-O-O Nf6 9.h4 O-O 10.Nf2 b5 11.g4 Nd5 12.Ne2 Nd7 13.Nf4 N7b6 14.Bd3 Nc4 
15.Bxc4 bxc4 16.Ne4 f5 17.Nc5 c3 18.bxc3 Qa5 19.Nxd5 cxd5 20.a4 Ba6 21.Qe3
Kh8 22.g5 h5 23.g6 f4 24.Qe5 Rf5 25.Qxe6 Qxc3 26.Qxf5 Qa1+ 27.Kd2 Qxd4+ 
28.Nd3 Qe3+ 29.Kc3 d4+ 30.Kb2 Rb8+ 31.Ka1 Qxf3 32.Qxf4 Qb7 33.Rb1 1-0

[Event "11th EUR-ch"]
[Site "Rijeka CRO"]
[Date "2010.03.17"]
[Round "11"]
[White "Lanzani, Giuliano"]
[Black "Pogosian, Vladimir"]
[Result "0-1"]
[WhiteElo "1992"]
[BlackElo "2204"]
[EventDate "2010.03.06"]
[PlyCount "38"]

1.e4 d6 2.d4 Nd7 3.f4 e5 4.Nf3 Qe7 5.Nc3 c6 6.Bc4 exd4 7.Qxd4 d5 8.Bb3 
Ngf6 9.e5 Ng4 10.Bxd5 cxd5 11.Nxd5 Qd8 12.Qa4 b5 13.Qxb5 Rb8 14.Qc6 Qa5+ 
15.c3 Bb7 16.Nc7+ Kd8 17.Ne6+ fxe6 18.Qxe6 h5 19.Ng5 Bd5 0-1